00867 a2200217 4500010001400000020002300014035001300037037001600050082001300066090001700079100002100096245011900117260003600236260004500272270007000317300002900387500005100416942002700467999001700494952013800511 aENG-89532 c695.00a8178242087 aEN-73065 bDBAD / PUB14a363.7005 c11106d111061 aCederlof, Gunnel1 aLandscapes and the law:cby Gunnel Cederlofbenvironmental politics, regional histories, and contests over nature/ aRanikhetbPermanent Blackc2008 aNew DelhibOrient Longman (Distributor) aHimalayana, Mall Road, Ranikhet CanttbRanikhete263645cRanikhet axvi, 300p.c22 cm. (Hb) aIncludes bibliographical references and index adplcENk363.7005/ CED c10801d10801 00102ddc40718NFICaDBADbDBADeDBAD/PUBg695.00l0o363.7005 CEDpEN-73065r2008-09-15 00:00:00t1u11897v695.00w2008-09-15yEN